• 首页
  • 本馆介绍
  • 公告通知
  • 最新文献
  • 馆藏检索
  • 电子资源
  • 读者导购
  • 参考咨询
  • 我的图书馆
  • 登录
  • 详细信息显示
  • 放入我的书架
  • 预约/预借图书
  • 作者相关作品
  • 分类相关作品
  • 丛书相关作品
  • 出版社相关作品

书目信息

  • 表格格式
  • 工作单格式
  • 卡片格式
题名:
陈纳德与陈香梅
    
 
作者: 金光耀 , 石源华 著
分册:  
出版信息: 北京   团结出版社  2008
页数: 275页
开本: 23cm
丛书名:
单 册:
中图分类: K837.127=6 , K837.125.2=532
科图分类:
主题词:
电子资源:
ISBN: 978-7-80214-389-0
000 01259nam0 2200301 45
001 1029986831
005 20100429091556.81
010    @a978-7-80214-389-0@dCNY29.80
100    @a20100420d2008 ekmy0chiy0120 ea
101 0  @achi
102    @aCN@b110000
105    @aa z 000yc
106    @ar
200 1  @a陈纳德与陈香梅@AChen Na De Yu Chen Xiang Mei@aChen Na De Yu Chen Xiang Mei@e飞虎将军与中国少女的忘年情缘@EFei Hu Jiang Jun Yu Zhong Guo Shao Nu^ De Wang Nian Qing Yuan@f金光耀,石源华著@FJin Guang Yao, Shi Yuan Hua Zhu
210    @a北京@c团结出版社@d2008
215    @a275页@c照片@d23cm
330    @a本书讲述了来自不同国度、不同文化背景且年龄相差33岁的陈纳德与陈香梅的跨国婚姻,书中附有珍贵历史图片70幅。
517 1  @a飞虎将军与中国少女的忘年情缘@AFei Hu Jiang Jun Yu Zhong Guo Shao Nu^ De Wang Nian Qing Yuan
600  1 @a陈纳德@c(Chennault, Claire Lee@f1890~1958)@x生平事迹
600  0 @a陈香梅@g(女,@f1925~)@x生平事迹
600  1 @a陈纳德@c(Chennault, Claire Lee@f1890~1958)
600  0 @a陈香梅@g(女,@f1925~)
690    @aK837.127=6@v4
690    @aK837.125.2=532@v4
701  0 @a金光耀@AJin Guang Yao@4著
701  0 @a石源华@AShi Yuan Hua@4著
801  0 @aCN@bTANGWEI@c20100429
905    @b0595316-18@dK837.127=6@e689@f3
    
    陈纳德与陈香梅;Chen Na De Yu Chen Xiang Mei:飞虎将军与中国少女的忘年情缘/金光耀,石源华著.-北京:团结出版社,2008
    275页:照片;23cm
    
    
    ISBN 978-7-80214-389-0:CNY29.80
    本书讲述了来自不同国度、不同文化背景且年龄相差33岁的陈纳德与陈香梅的跨国婚姻,书中附有珍贵历史图片70幅。
●
相关链接 在E读中查询图书 在五车中查询图书 在当当中查询图书 在豆瓣中查询图书


正题名:陈纳德与陈香梅     索取号:K837.127=6/689         预约/预借

序号 登录号 条形码 馆藏地/架位号 状态 备注
1 0595316   205953164   第二样本阅览室/ [索取号:K837.127=6/689] 在馆    
2 0595317   205953173   第二借阅区/ [索取号:K837.127=6/689] 在馆    
3 0595318   205953182   第二借阅区/ [索取号:K837.127=6/689] 在馆    
唐山师范学院图书馆 欢迎您!
大连网信软件有限公司© 版权所有